00440nam a2200145Ia 4500008004100000020001800041041000800059082001600067100001900083245012700102250000600229260003900235300001100274650000900285210716s2017 xx 000 0 und d a9781787122536 aeng a005.76 SHAR aShams, Rushdi. aJava data science cookbook: explore the power of MLlib DL4j Weka and more.bExplore the power of MLlib DL4j Weka and more. a1 aMumbaibPackt Publishing Ltdc2017 avi,354 aNone